[Event "DSJ Weihnachtsturnier U20 2020"]
[Site "https://play.chessbase.com/en/play?room=DSJWeihnachtU20"]
[Date "2020.12.29"]
[Round "5"]
[White "Peilert, Maximilian"]
[Black "Scheifel, Maximilian"]
[Result "0-1"]
[Termination "normal"]
[Board "15.4"]
[WhiteElo "1068"]
[BlackElo "1218"]
[WhiteTeam "Think Rochade - SC HRO"]
[BlackTeam "Karlsruher SF 1853 2"]
[PlyCount "96"]
[WhiteFideId "34686312"]
[BlackFideId "16279433"]
[EventRounds "7"]
[EventType "team-swiss"]
[EventDate "2020.12.29"]

1. e4 {[%emt 0:00:11]} c6 {[%emt 0:00:01]} 2. d4 {[%emt 0:00:04]} d5 {[%emt
0:00:01]} 3. e5 {[%emt 0:00:02]} Bf5 {[%emt 0:00:41]} 4. Nf3 {[%emt 0:00:05]}
e6 {[%emt 0:00:03]} 5. a3 {[%emt 0:00:03]} Ne7 {[%emt 0:00:14]} 6. Bg5 {[%emt
0:00:11]} h6 {[%emt 0:00:02]} 7. Bh4 {[%emt 0:00:02]} Qc7 {[%emt 0:00:03]} 8.
Nc3 {[%emt 0:00:08]} Bh7 {[%emt 0:00:20]} 9. Bd3 {[%emt 0:00:13]} Bxd3 {[%emt
0:00:02]} 10. Qxd3 {[%emt 0:00:01]} Ng6 {[%emt 0:00:01]} 11. O-O {[%emt
0:00:13]} Nxh4 {[%emt 0:00:04]} 12. Nxh4 {[%emt 0:00:02]} Be7 {[%emt 0:00:01]}
13. Qg3 { [%emt 0:00:05]} Bxh4 {[%emt 0:00:06]} 14. Qxh4 {[%emt 0:00:01]} O-O
{[%emt 0:00:01]} 15. Rfe1 {[%emt 0:00:05]} c5 {[%emt 0:00:01]} 16. Nb5 {[%emt
0:00:10]} Qb6 {[%emt 0:00:04]} 17. a4 {[%emt 0:00:05]} a6 {[%emt 0:00:02]} 18.
Nc3 { [%emt 0:00:14]} Qxb2 {[%emt 0:00:06]} 19. Ne2 {[%emt 0:00:41]} Qxc2
{[%emt 0:00:30]} 20. dxc5 {[%emt 0:00:08]} Nc6 {[%emt 0:00:09]} 21. Rac1 {[%emt
0:00:35] } Qb2 {[%emt 0:00:28]} 22. Qg3 {[%emt 0:00:15]} Qxe5 {[%emt 0:00:04]}
23. Nf4 { [%emt 0:00:10]} Qc7 {[%emt 0:00:17]} 24. Qg4 {[%emt 0:00:05]} Ne5
{[%emt 0:00:22]} 25. Qg3 {[%emt 0:00:13]} Nc4 {[%emt 0:00:25]} 26. Qc3 {[%emt
0:00:19]} Qxf4 {[%emt 0:00:06]} 27. g3 {[%emt 0:00:11]} Qd2 {[%emt 0:00:05]}
28. Qf3 { [%emt 0:00:20]} Qb4 {[%emt 0:00:19]} 29. Qh5 {[%emt 0:00:42]} Qxc5
{[%emt 0:00:16]} 30. Re3 {[%emt 0:00:03]} Qb4 {[%emt 0:00:12]} 31. Rf3 {[%emt
0:00:08]} Qxa4 {[%emt 0:00:21]} 32. Rf4 {[%emt 0:00:04]} Qd7 {[%emt 0:00:19]}
33. Rg4 { [%emt 0:00:50]} e5 {[%emt 0:00:15]} 34. h3 {[%emt 0:00:05]} Qe6
{[%emt 0:00:07] } 35. Rc3 {[%emt 0:00:11]} f5 {[%emt 0:00:06]} 36. Rg6 {[%emt
0:00:18]} Qe8 { [%emt 0:00:13]} 37. Rf3 {[%emt 0:00:25]} Rf6 {[%emt 0:00:03]}
38. Rxg7+ { [%emt 0:00:48]} Kxg7 {[%emt 0:00:02]} 39. Rxf5 {[%emt 0:00:32]}
Qxh5 {[%emt 0:00:07]} 40. Rxh5 {[%emt 0:00:09]} b5 {[%emt 0:00:07]} 41. Kf1
{[%emt 0:00:03]} b4 {[%emt 0:00:01]} 42. Ke2 {[%emt 0:00:01]} b3 {[%emt
0:00:01]} 43. Kd1 { [%emt 0:00:01]} b2 {[%emt 0:00:01]} 44. Kc2 {[%emt
0:00:04]} Rb8 {[%emt 0:00:02]} 45. Rxe5 {[%emt 0:00:06]} b1=Q+ {[%emt 0:00:04]}
46. Kc3 {[%emt 0:00:04]} Nxe5 {[%emt 0:00:00]} 47. Kd4 {[%emt 0:00:03]} Qe4+
{[%emt 0:00:03]} 48. Kc5 { [%emt 0:00:05]} Qc4# {[%emt 0:00:02]} 0-1

[Event "DSJ Weihnachtsturnier U20 2020"]
[Site "https://play.chessbase.com/en/play?room=DSJWeihnachtU20"]
[Date "2020.12.29"]
[Round "5"]
[White "Lohmann, Laurin"]
[Black "Arndt, Magnus"]
[Result "0-1"]
[Termination "normal"]
[Board "16.1"]
[WhiteElo "1736"]
[BlackElo "2282"]
[WhiteTeam "VfL Leipheim 1898"]
[BlackTeam "SK Doppelbauer Kiel"]
[PlyCount "176"]
[WhiteFideId "16281594"]
[BlackFideId "12998656"]
[EventRounds "7"]
[EventType "team-swiss"]
[EventDate "2020.12.29"]

1. e4 {[%emt 0:00:10]} c5 {[%emt 0:00:22]} 2. c3 {[%emt 0:00:03]} d5 {[%emt
0:00:12]} 3. exd5 {[%emt 0:00:04]} Nf6 {[%emt 0:00:01]} 4. d4 {[%emt 0:00:22]}
cxd4 {[%emt 0:00:02]} 5. cxd4 {[%emt 0:00:00]} Nxd5 {[%emt 0:00:05]} 6. Nc3 {
[%emt 0:00:04]} Nc6 {[%emt 0:00:02]} 7. Nf3 {[%emt 0:00:05]} Bg4 {[%emt
0:00:55]} 8. Be2 {[%emt 0:00:13]} e6 {[%emt 0:00:04]} 9. O-O {[%emt 0:00:04]}
Be7 { [%emt 0:00:06]} 10. Qb3 {[%emt 0:00:05]} O-O {[%emt 0:01:39]} 11. Qxb7 {
[%emt 0:00:14]} Ndb4 {[%emt 0:02:11]} 12. Ne5 {[%emt 0:01:14]} Na5 {[%emt
0:01:37]} 13. Qe4 {[%emt 0:00:56]} Bf5 {[%emt 0:00:04]} 14. Qf3 {[%emt
0:00:13]} Nc2 {[%emt 0:00:07]} 15. g4 {[%emt 0:00:39]} Nxa1 {[%emt 0:01:08]}
16. gxf5 { [%emt 0:00:06]} Nc2 {[%emt 0:00:01]} 17. fxe6 {[%emt 0:00:31]} fxe6
{[%emt 0:00:03]} 18. Qg4 {[%emt 0:00:02]} Nxd4 {[%emt 0:00:04]} 19. Bd3 {[%emt
0:00:22] Leiphm1-001 offers a draw} Bf6 {[%emt 0:00:53]} 20. Qh5 {[%emt
0:00:37]} Nf5 { [%emt 0:00:06]} 21. Bxf5 {[%emt 0:00:11]} exf5 {[%emt 0:00:00]}
22. Qxf5 { [%emt 0:00:00]} Qc8 {[%emt 0:00:30]} 23. Nd7 {[%emt 0:01:09]} Rf7
{[%emt 0:00:02]} 24. Nxf6+ {[%emt 0:00:13]} Rxf6 {[%emt 0:00:00]} 25. Qxc8+
{[%emt 0:00:07] } Rxc8 {[%emt 0:00:00]} 26. Be3 {[%emt 0:00:05]} Nc4 {[%emt
0:00:03]} 27. Bxa7 {[%emt 0:00:04]} Nxb2 {[%emt 0:00:10]} 28. Rb1 {[%emt
0:00:05]} Rg6+ {[%emt 0:00:07]} 29. Kf1 {[%emt 0:00:05]} Nc4 {[%emt 0:00:03]}
30. Rd1 {[%emt 0:00:11]} Ra6 {[%emt 0:00:09]} 31. Bd4 {[%emt 0:00:11]} Rd8
{[%emt 0:00:05]} 32. Ke2 { [%emt 0:00:13]} Rad6 {[%emt 0:00:02]} 33. Nb5 {[%emt
0:00:17]} Ra6 {[%emt 0:00:01]} 34. Kf3 {[%emt 0:00:23]} Rxa2 {[%emt 0:00:04]}
35. Ke4 {[%emt 0:00:15]} Rd2 {[%emt 0:00:02]} 36. Ra1 {[%emt 0:00:06]} Nd6+
{[%emt 0:00:03]} 37. Nxd6 { [%emt 0:00:08]} Rxd6 {[%emt 0:00:00]} 38. Ra4
{[%emt 0:00:01]} Rd7 {[%emt 0:00:03]} 39. Rb4 {[%emt 0:00:04]} Re2+ {[%emt
0:00:01]} 40. Kf3 {[%emt 0:00:06]} Ra2 {[%emt 0:00:00]} 41. Rc4 {[%emt
0:00:01]} Ra8 {[%emt 0:00:02]} 42. Ke4 { [%emt 0:00:02]} Re8+ {[%emt 0:00:01]}
43. Kf3 {[%emt 0:00:03]} h6 {[%emt 0:00:01]} 44. Be3 {[%emt 0:00:01]} Rf7+
{[%emt 0:00:01]} 45. Ke2 {[%emt 0:00:03]} Kh7 {[%emt 0:00:01]} 46. Rb4 {[%emt
0:00:03]} g5 {[%emt 0:00:01]} 47. Rc4 { [%emt 0:00:04]} Kg6 {[%emt 0:00:01]}
48. Rc6+ {[%emt 0:00:01]} Rf6 {[%emt 0:00:01]} 49. Rc3 {[%emt 0:00:02]} Ree6
{[%emt 0:00:02]} 50. Rc8 {[%emt 0:00:01]} Rf7 {[%emt 0:00:01]} 51. Rc3 {[%emt
0:00:02]} Rb7 {[%emt 0:00:01]} 52. Rc4 { [%emt 0:00:01]} Rb2+ {[%emt 0:00:03]}
53. Kf3 {[%emt 0:00:01]} h5 {[%emt 0:00:02]} 54. Kg3 {[%emt 0:00:05]} Rb3
{[%emt 0:00:04]} 55. Kg2 {[%emt 0:00:02]} Rb5 {[%emt 0:00:03]} 56. Kg3 {[%emt
0:00:01]} Rf5 {[%emt 0:00:01]} 57. Kg2 { [%emt 0:00:02]} Rfe5 {[%emt 0:00:10]}
58. Rc8 {[%emt 0:00:02]} Kf5 {[%emt 0:00:02]} 59. Rc4 {[%emt 0:00:04]} Rd5
{[%emt 0:00:04]} 60. Rc8 {[%emt 0:00:02]} Ke4 {[%emt 0:00:03]} 61. Rc4+ {[%emt
0:00:03]} Kd3 {[%emt 0:00:01]} 62. Ra4 { [%emt 0:00:04]} Rf5 {[%emt 0:00:02]}
63. Ra3+ {[%emt 0:00:02]} Kc2 {[%emt 0:00:01]} 64. Ra2+ {[%emt 0:00:01]} Kb3
{[%emt 0:00:01]} 65. Ra7 {[%emt 0:00:01]} g4 {[%emt 0:00:02]} 66. Rb7+ {[%emt
0:00:01]} Kc4 {[%emt 0:00:01]} 67. Rc7+ { [%emt 0:00:01]} Kd3 {[%emt 0:00:01]}
68. Rd7+ {[%emt 0:00:02]} Ke4 {[%emt 0:00:04]} 69. Rd4+ {[%emt 0:00:03]} Ke5
{[%emt 0:00:01]} 70. Ra4 {[%emt 0:00:02]} Kf6 {[%emt 0:00:02]} 71. Ra8 {[%emt
0:00:02]} Kg6 {[%emt 0:00:02]} 72. Rg8+ { [%emt 0:00:03]} Kh7 {[%emt 0:00:02]}
73. Rc8 {[%emt 0:00:03]} Rf3 {[%emt 0:00:02]} 74. Rc7+ {[%emt 0:00:02]} Kg6
{[%emt 0:00:01]} 75. Rc5 {[%emt 0:00:05]} Rf5 {[%emt 0:00:08]} 76. Rc8 {[%emt
0:00:02]} Re4 {[%emt 0:00:01]} 77. Rg8+ { [%emt 0:00:02]} Kf7 {[%emt 0:00:01]}
78. Rc8 {[%emt 0:00:03]} Rf3 {[%emt 0:00:01]} 79. Rc7+ {[%emt 0:00:02]} Ke6
{[%emt 0:00:01]} 80. Rc6+ {[%emt 0:00:01]} Kd7 {[%emt 0:00:02]} 81. Rh6 {[%emt
0:00:02]} Re5 {[%emt 0:00:05]} 82. Rh7+ { [%emt 0:00:03]} Ke6 {[%emt 0:00:02]}
83. Rh6+ {[%emt 0:00:01]} Kd5 {[%emt 0:00:01]} 84. Ra6 {[%emt 0:00:02]} h4
{[%emt 0:00:01]} 85. Ra5+ {[%emt 0:00:02]} Ke6 {[%emt 0:00:01]} 86. Ra6+ {[%emt
0:00:01]} Kf5 {[%emt 0:00:01]} 87. Ra4 { [%emt 0:00:26]} h3+ {[%emt 0:00:01]}
88. Kf1 {[%emt 0:00:02]} Rexe3 {[%emt 0:00:01]} 0-1

[Event "DSJ Weihnachtsturnier U20 2020"]
[Site "https://play.chessbase.com/en/play?room=DSJWeihnachtU20"]
[Date "2020.12.29"]
[Round "5"]
[White "Nagy, Lukas"]
[Black "Lohmann, Dominik"]
[Result "0-1"]
[Termination "normal"]
[Board "16.2"]
[WhiteElo "1704"]
[BlackElo "1786"]
[WhiteTeam "SK Doppelbauer Kiel"]
[BlackTeam "VfL Leipheim 1898"]
[PlyCount "42"]
[WhiteFideId "16246098"]
[BlackFideId "16281527"]
[EventRounds "7"]
[EventType "team-swiss"]
[EventDate "2020.12.29"]

1. e4 {[%emt 0:00:10]} e5 {[%emt 0:00:07]} 2. Nf3 {[%emt 0:00:04]} Nc6 { [%emt
0:00:02]} 3. d4 {[%emt 0:00:02]} exd4 {[%emt 0:00:02]} 4. Bc4 {[%emt 0:00:01]}
Nf6 {[%emt 0:00:04]} 5. O-O {[%emt 0:00:07]} Bc5 {[%emt 0:00:32]} 6. e5 {[%emt
0:00:03]} d5 {[%emt 0:00:01]} 7. exf6 {[%emt 0:00:19]} dxc4 {[%emt 0:00:01]} 8.
fxg7 {[%emt 0:00:05]} Rg8 {[%emt 0:00:03]} 9. Bh6 {[%emt 0:00:01]} Qf6 {[%emt
0:00:30]} 10. Re1+ {[%emt 0:00:03]} Be6 {[%emt 0:00:06]} 11. Qc1 { [%emt
0:00:01]} O-O-O {[%emt 0:00:24]} 12. Qg5 {[%emt 0:00:10]} Be7 {[%emt 0:00:38]}
13. Nbd2 {[%emt 0:00:36]} Rd5 {[%emt 0:01:58]} 14. Qxf6 {[%emt 0:00:24] } Bxf6
{[%emt 0:00:03]} 15. Kh1 {[%emt 0:00:50]} Rh5 {[%emt 0:01:28]} 16. Bf4 { [%emt
0:00:04]} Bxg7 {[%emt 0:00:15]} 17. Ne4 {[%emt 0:00:02]} Rb5 {[%emt 0:00:27]}
18. Neg5 {[%emt 0:00:21]} Rxb2 {[%emt 0:00:25]} 19. Nxe6 {[%emt 0:00:04]} fxe6
{[%emt 0:00:02]} 20. Rxe6 {[%emt 0:00:02]} Rxc2 {[%emt 0:00:11]} 21. Ne5 {
[%emt 0:00:10]} Re2 {[%emt 0:00:40]} 0-1

[Event "DSJ Weihnachtsturnier U20 2020"]
[Site "https://play.chessbase.com/en/play?room=DSJWeihnachtU20"]
[Date "2020.12.29"]
[Round "5"]
[White "Schwegler, Tim"]
[Black "Rempe, Mieke"]
[Result "1/2-1/2"]
[Termination "time forfeit"]
[Board "16.3"]
[WhiteElo "1623"]
[BlackElo "1669"]
[WhiteTeam "VfL Leipheim 1898"]
[BlackTeam "SK Doppelbauer Kiel"]
[PlyCount "137"]
[BlackFideId "16202384"]
[EventRounds "7"]
[EventType "team-swiss"]
[EventDate "2020.12.29"]

1. e4 {[%emt 0:00:09]} c6 {[%emt 0:00:02]} 2. d4 {[%emt 0:00:05]} d5 {[%emt
0:00:02]} 3. e5 {[%emt 0:00:32]} Bf5 {[%emt 0:00:05]} 4. Nf3 {[%emt 0:00:02]}
Nd7 {[%emt 0:00:16]} 5. Bd3 {[%emt 0:00:08]} Bxd3 {[%emt 0:00:41]} 6. Qxd3 {
[%emt 0:00:03]} e6 {[%emt 0:00:01]} 7. O-O {[%emt 0:00:03]} Ne7 {[%emt 0:00:14]
} 8. Bg5 {[%emt 0:00:19]} h6 {[%emt 0:00:06]} 9. Bh4 {[%emt 0:00:03]} g5 {
[%emt 0:00:05]} 10. Bg3 {[%emt 0:00:11]} Nf5 {[%emt 0:00:17]} 11. Nbd2 { [%emt
0:00:07]} h5 {[%emt 0:00:18]} 12. h3 {[%emt 0:00:09]} g4 {[%emt 0:00:18]} 13.
Nh2 {[%emt 0:00:16]} gxh3 {[%emt 0:00:49]} 14. Nhf3 {[%emt 0:00:13]} h4 { [%emt
0:01:07]} 15. Bf4 {[%emt 0:00:08]} Rg8 {[%emt 0:01:48]} 16. Ng5 {[%emt
0:00:41]} hxg2 {[%emt 0:00:27]} 17. Rfe1 {[%emt 0:00:15]} Bh6 {[%emt 0:01:20]}
18. Ndf3 {[%emt 0:00:11]} Bxg5 {[%emt 0:00:47]} 19. Bxg5 {[%emt 0:00:05]} Rxg5
{[%emt 0:00:13]} 20. Nxg5 {[%emt 0:00:03]} Qxg5 {[%emt 0:00:03]} 21. c3 { [%emt
0:00:21]} O-O-O {[%emt 0:00:03]} 22. Qh3 {[%emt 0:00:22]} Rg8 {[%emt 0:00:35]}
23. Rad1 {[%emt 0:00:15]} Nf8 {[%emt 0:00:14]} 24. Kh2 {[%emt 0:00:05]} Ng6
{[%emt 0:00:20]} 25. Qxg2 {[%emt 0:00:20]} Qxg2+ {[%emt 0:00:04]} 26. Kxg2
{[%emt 0:00:09]} Nxe5+ {[%emt 0:00:10]} 27. Kh3 {[%emt 0:00:19]} Nf3 {[%emt
0:00:04]} 28. Rf1 {[%emt 0:00:22]} Kd7 {[%emt 0:00:13]} 29. Rd3 {[%emt
0:00:05]} Ng5+ {[%emt 0:00:08]} 30. Kh2 {[%emt 0:00:10]} Ne4 {[%emt 0:00:02]}
31. Rg1 { [%emt 0:00:08]} Rxg1 {[%emt 0:00:02]} 32. Kxg1 {[%emt 0:00:02]} c5
{[%emt 0:00:02]} 33. dxc5 {[%emt 0:00:11]} Nxc5 {[%emt 0:00:02]} 34. Rh3 {[%emt
0:00:02]} Kd6 {[%emt 0:00:01]} 35. Kf1 {[%emt 0:00:01]} Ke5 {[%emt 0:00:03]}
36. Ke2 { [%emt 0:00:06]} Ne4 {[%emt 0:00:04]} 37. Rh1 {[%emt 0:00:23]} f6
{[%emt 0:00:02]} 38. Rh2 {[%emt 0:00:08]} Ng5 {[%emt 0:00:01]} 39. f3 {[%emt
0:00:12]} Kf4 {[%emt 0:00:02]} 40. Kf2 {[%emt 0:00:04]} Nxf3 {[%emt 0:00:03]}
41. Rh3 { [%emt 0:00:06]} Ng5 {[%emt 0:00:02]} 42. Rh1 {[%emt 0:00:07]} e5
{[%emt 0:00:02]} 43. Rf1 {[%emt 0:00:09]} Ng3 {[%emt 0:00:02]} 44. Rg1 {[%emt
0:00:05]} e4 {[%emt 0:00:03]} 45. Kg2 {[%emt 0:00:04]} e3 {[%emt 0:00:04]} 46.
b3 {[%emt 0:00:03]} e2 {[%emt 0:00:01]} 47. c4 {[%emt 0:00:05]} dxc4 {[%emt
0:00:02]} 48. bxc4 {[%emt 0:00:02]} Ke3 {[%emt 0:00:01]} 49. a4 {[%emt
0:00:07]} Kd2 { [%emt 0:00:01]} 50. Kf2 {[%emt 0:00:07]} N5e4+ {[%emt 0:00:03]}
51. Kg2 { [%emt 0:00:05]} e1=Q {[%emt 0:00:02]} 52. Rxe1 {[%emt 0:00:02]} Kxe1
{[%emt 0:00:01]} 53. Kh3 {[%emt 0:00:02]} f5 {[%emt 0:00:03]} 54. Kxh4 {[%emt
0:00:06]} f4 {[%emt 0:00:01]} 55. Kg4 {[%emt 0:00:01]} Nd2 {[%emt 0:00:05]} 56.
Kxf4 { [%emt 0:00:05]} Ne2+ {[%emt 0:00:01]} 57. Ke3 {[%emt 0:00:06]} Nxc4+
{[%emt 0:00:01]} 58. Kd3 {[%emt 0:00:02]} Nb2+ {[%emt 0:00:01]} 59. Kc2 {[%emt
0:00:02]} Nxa4 {[%emt 0:00:01]} 60. Kb3 {[%emt 0:00:01]} Nc5+ {[%emt 0:00:02]}
61. Kb4 { [%emt 0:00:01]} Nd3+ {[%emt 0:00:03]} 62. Kb5 {[%emt 0:00:02]} Kd2
{[%emt 0:00:03]} 63. Ka5 {[%emt 0:00:02]} b6+ {[%emt 0:00:02]} 64. Kb5 {[%emt
0:00:01]} Nd4+ {[%emt 0:00:02]} 65. Ka4 {[%emt 0:00:02]} b5+ {[%emt 0:00:02]}
66. Ka3 { [%emt 0:00:02]} b4+ {[%emt 0:00:01]} 67. Ka2 {[%emt 0:00:02]} b3+
{[%emt 0:00:02]} 68. Kb1 {[%emt 0:00:02]} Ne2 {[%emt 0:00:04]} 69. Ka1 {[%emt
0:00:01] TimeB-cantwin} 1/2-1/2

[Event "DSJ Weihnachtsturnier U20 2020"]
[Site "https://play.chessbase.com/en/play?room=DSJWeihnachtU20"]
[Date "2020.12.29"]
[Round "5"]
[White "Malinowsky, Celina"]
[Black "Biedenbach, Daniel"]
[Result "0-1"]
[Termination "normal"]
[Board "16.4"]
[WhiteElo "1372"]
[BlackElo "1610"]
[WhiteTeam "SK Doppelbauer Kiel"]
[BlackTeam "VfL Leipheim 1898"]
[PlyCount "60"]
[WhiteFideId "16266986"]
[BlackFideId "16281489"]
[EventRounds "7"]
[EventType "team-swiss"]
[EventDate "2020.12.29"]

1. e4 {[%emt 0:00:04]} c5 {[%emt 0:00:04]} 2. Nc3 {[%emt 0:00:07]} Nc6 { [%emt
0:00:11]} 3. Bc4 {[%emt 0:00:09]} e6 {[%emt 0:00:15]} 4. d3 {[%emt 0:00:13]} a6
{[%emt 0:00:03]} 5. f4 {[%emt 0:00:02]} b5 {[%emt 0:00:02]} 6. Bb3 { [%emt
0:00:02]} Qc7 {[%emt 0:00:03]} 7. Nf3 {[%emt 0:00:02]} Bb7 {[%emt 0:00:08]} 8.
O-O {[%emt 0:00:02]} Be7 {[%emt 0:00:20]} 9. a3 {[%emt 0:00:07]} Nf6 { [%emt
0:00:13]} 10. Qe1 {[%emt 0:00:02]} O-O {[%emt 0:00:10]} 11. Qg3 {[%emt
0:00:05]} Nd4 {[%emt 0:00:45]} 12. Nxd4 {[%emt 0:00:31]} cxd4 {[%emt 0:00:04]}
13. Ne2 {[%emt 0:00:02]} Bc5 {[%emt 0:00:29]} 14. Qg5 {[%emt 0:00:20]} h6 {
[%emt 0:00:31]} 15. Qg3 {[%emt 0:00:03]} a5 {[%emt 0:00:13]} 16. Ba2 {[%emt
0:00:02]} b4 {[%emt 0:00:17]} 17. Qh3 {[%emt 0:00:07]} Be7 {[%emt 0:00:30]} 18.
f5 {[%emt 0:00:02]} Qxc2 {[%emt 0:00:14]} 19. Nf4 {[%emt 0:00:18]} Bd6 { [%emt
0:01:31]} 20. fxe6 {[%emt 0:00:07]} dxe6 {[%emt 0:00:20]} 21. Rf3 { [%emt
0:00:33]} b3 {[%emt 0:00:14]} 22. Rf2 {[%emt 0:00:11]} Qd1+ {[%emt 0:00:11]}
23. Rf1 {[%emt 0:00:03]} Qg4 {[%emt 0:00:11]} 24. Qxg4 {[%emt 0:00:12]} Nxg4
{[%emt 0:00:03]} 25. Bxb3 {[%emt 0:00:02]} Ne5 {[%emt 0:00:35]} 26. Bd2 { [%emt
0:00:16]} Ba6 {[%emt 0:00:09]} 27. Rfc1 {[%emt 0:00:14]} Nxd3 {[%emt 0:00:16]}
28. Rc6 {[%emt 0:00:03]} Bxf4 {[%emt 0:00:08]} 29. Bxf4 {[%emt 0:00:08] } Nxf4
{[%emt 0:00:04]} 30. Rac1 {[%emt 0:00:11]} Ne2+ {[%emt 0:00:03]} 0-1

[Event "DSJ Weihnachtsturnier U20 2020"]
[Site "https://play.chessbase.com/en/play?room=DSJWeihnachtU20"]
[Date "2020.12.29"]
[Round "5"]
[White "Mark, Philipp"]
[Black "Kamp, Aaron"]
[Result "1-0"]
[Termination "normal"]
[Board "17.1"]
[WhiteElo "1702"]
[BlackElo "1771"]
[WhiteTeam "SC Windischeschenbach"]
[BlackTeam "Schachklub Münster 32 2"]
[PlyCount "43"]
[WhiteFideId "16260929"]
[BlackFideId "16231120"]
[EventRounds "7"]
[EventType "team-swiss"]
[EventDate "2020.12.29"]

1. d4 {[%emt 0:00:06]} Nf6 {[%emt 0:00:03]} 2. c4 {[%emt 0:00:01]} g6 {[%emt
0:00:03]} 3. Nc3 {[%emt 0:00:01]} d5 {[%emt 0:00:02]} 4. cxd5 {[%emt 0:00:00]}
Nxd5 {[%emt 0:00:01]} 5. e4 {[%emt 0:00:00]} Nxc3 {[%emt 0:00:01]} 6. bxc3 {
[%emt 0:00:00]} Bg7 {[%emt 0:00:02]} 7. Bc4 {[%emt 0:00:01]} c5 {[%emt 0:00:02]
} 8. Ne2 {[%emt 0:00:01]} Nc6 {[%emt 0:00:03]} 9. Be3 {[%emt 0:00:05]} Qa5 {
[%emt 0:00:08]} 10. O-O {[%emt 0:00:14]} O-O {[%emt 0:00:17]} 11. Rb1 {[%emt
0:00:44]} a6 {[%emt 0:00:02]} 12. a4 {[%emt 0:00:24]} Rd8 {[%emt 0:00:16]} 13.
Qb3 {[%emt 0:00:43]} cxd4 {[%emt 0:01:19]} 14. Bxf7+ {[%emt 0:00:22]} Kh8 {
[%emt 0:00:41]} 15. cxd4 {[%emt 0:00:22]} Nxd4 {[%emt 0:01:12]} 16. Bxd4 {
[%emt 0:01:32]} Bxd4 {[%emt 0:00:24]} 17. Nxd4 {[%emt 0:00:14]} Rxd4 {[%emt
0:00:05]} 18. Bd5 {[%emt 0:00:58]} Rb8 {[%emt 0:02:05] Windisch001
reconnected.} 19. Rbd1 {[%emt 0:00:46]} Qxa4 {[%emt 0:00:19]} 20. Qg3 {[%emt
0:01:52]} e6 { [%emt 0:01:54]} 21. Qe5+ {[%emt 0:00:30]} Kg8 {[%emt 0:00:04]}
22. Rxd4 { [%emt 0:00:12]} 1-0

[Event "DSJ Weihnachtsturnier U20 2020"]
[Site "https://play.chessbase.com/en/play?room=DSJWeihnachtU20"]
[Date "2020.12.29"]
[Round "5"]
[White "John, Niklas"]
[Black "Schubert, Stanislav"]
[Result "1/2-1/2"]
[Termination "normal"]
[Board "17.4"]
[WhiteElo "1521"]
[BlackElo "1658"]
[WhiteTeam "Schachklub Münster 32 2"]
[BlackTeam "SC Windischeschenbach"]
[PlyCount "70"]
[WhiteFideId "16234626"]
[BlackFideId "16202660"]
[EventRounds "7"]
[EventType "team-swiss"]
[EventDate "2020.12.29"]

1. e4 {[%emt 0:00:09]} e6 {[%emt 0:00:22]} 2. d4 {[%emt 0:00:04]} d5 {[%emt
0:00:02]} 3. Nd2 {[%emt 0:00:02]} Bd7 {[%emt 0:00:02]} 4. Bd3 {[%emt 0:00:04]}
Bc6 {[%emt 0:00:03]} 5. Ne2 {[%emt 0:00:10]} dxe4 {[%emt 0:00:06]} 6. Nxe4 {
[%emt 0:00:13]} Nf6 {[%emt 0:00:27]} 7. N2g3 {[%emt 0:00:14]} Qxd4 {[%emt
0:00:42]} 8. Ng5 {[%emt 0:01:32]} Bc5 {[%emt 0:00:49]} 9. O-O {[%emt 0:00:13]}
h6 { [%emt 0:01:09]} 10. Nf3 {[%emt 0:00:18]} Qd5 {[%emt 0:00:22]} 11. Qe2
{[%emt 0:00:57]} g5 {[%emt 0:00:30]} 12. Rd1 {[%emt 0:00:11]} g4 {[%emt
0:00:41]} 13. Ne1 {[%emt 0:01:29]} Qd8 {[%emt 0:01:49]} 14. Bb5 {[%emt
0:01:29]} Qe7 { [%emt 0:01:04]} 15. Bxc6+ {[%emt 0:00:15]} Nxc6 {[%emt
0:00:06]} 16. b3 { [%emt 0:00:02]} Bd6 {[%emt 0:00:24]} 17. Bb2 {[%emt
0:00:11]} O-O-O {[%emt 0:00:10]} 18. Ne4 {[%emt 0:00:26]} Nxe4 {[%emt 0:00:34]}
19. Bxh8 {[%emt 0:00:22] } Rxh8 {[%emt 0:00:37]} 20. Qxe4 {[%emt 0:00:04]} h5
{[%emt 0:00:13]} 21. Nd3 { [%emt 0:00:06]} h4 {[%emt 0:00:06]} 22. Qxg4 {[%emt
0:00:06]} f5 {[%emt 0:00:13]} 23. Qh3 {[%emt 0:00:44]} Qf6 {[%emt 0:00:02]} 24.
Rab1 {[%emt 0:00:39]} Rg8 {[%emt 0:00:03]} 25. Ne1 {[%emt 0:00:11]} Ne5 {[%emt
0:00:05]} 26. Nf3 { [%emt 0:00:20]} Nxf3+ {[%emt 0:00:03]} 27. Qxf3 {[%emt
0:00:01]} Qg5 {[%emt 0:00:03]} 28. h3 {[%emt 0:00:11]} Qg6 {[%emt 0:00:05]} 29.
Rd2 {[%emt 0:00:05]} Bc5 {[%emt 0:00:04]} 30. Rbd1 {[%emt 0:00:02]} Be7 {[%emt
0:00:02]} 31. Rd7 { [%emt 0:00:04]} Bd8 {[%emt 0:00:00]} 32. Kf1 {[%emt
0:00:06]} Qf6 {[%emt 0:00:02]} 33. Kg1 {[%emt 0:00:02]} Qg6 {[%emt 0:00:01]}
34. Kf1 {[%emt 0:00:01] Windisch004 offers a draw} Qf6 {[%emt 0:00:04]} 35. Kg1
{[%emt 0:00:01]} Qg6 { [%emt 0:00:01]} 1/2-1/2

[Event "DSJ Weihnachtsturnier U20 2020"]
[Site "https://play.chessbase.com/en/play?room=DSJWeihnachtU20"]
[Date "2020.12.29"]
[Round "5"]
[White "Schelhorn, Paul"]
[Black "Schulz, Jannis"]
[Result "0-1"]
[Termination "normal"]
[Board "18.1"]
[WhiteElo "1730"]
[BlackElo "1786"]
[WhiteTeam "Schachfreunde 1974 Heinsberg"]
[BlackTeam "Barnimer Schachfreunde im SV Stahl Finow"]
[PlyCount "60"]
[WhiteFideId "12964077"]
[BlackFideId "16224710"]
[EventRounds "7"]
[EventType "team-swiss"]
[EventDate "2020.12.29"]

1. Nf3 {[%emt 0:00:07]} d5 {[%emt 0:00:05]} 2. d4 {[%emt 0:00:02]} Nf6 { [%emt
0:00:10]} 3. c4 {[%emt 0:00:02]} e6 {[%emt 0:00:26]} 4. Nc3 {[%emt 0:00:22]} c6
{[%emt 0:00:08]} 5. g3 {[%emt 0:00:02]} Bb4 {[%emt 0:00:13]} 6. Bd2 { [%emt
0:00:08]} O-O {[%emt 0:00:06]} 7. Bg2 {[%emt 0:00:02]} dxc4 {[%emt 0:00:24]} 8.
O-O {[%emt 0:00:03]} Nbd7 {[%emt 0:00:25]} 9. Re1 {[%emt 0:00:05]} Nb6 {[%emt
0:00:17]} 10. e4 {[%emt 0:00:55]} h6 {[%emt 0:00:26]} 11. a3 {[%emt 0:00:16]}
Be7 {[%emt 0:00:29]} 12. Qe2 {[%emt 0:00:13]} c5 {[%emt 0:00:44]} 13. Be3
{[%emt 0:00:09]} cxd4 {[%emt 0:00:09]} 14. Bxd4 {[%emt 0:00:07]} Qc7 { [%emt
0:00:04]} 15. Rad1 {[%emt 0:00:10]} Bd7 {[%emt 0:00:09]} 16. Ne5 { [%emt
0:00:21]} Bc6 {[%emt 0:00:55]} 17. Nxc4 {[%emt 0:00:15]} Nxc4 {[%emt 0:00:19]}
18. Qxc4 {[%emt 0:00:00]} Rac8 {[%emt 0:00:09]} 19. Bxa7 {[%emt 0:00:27]} b5
{[%emt 0:00:40]} 20. Qd4 {[%emt 0:00:12]} Rfd8 {[%emt 0:00:11]} 21. Qb6 {[%emt
0:00:05]} Qxb6 {[%emt 0:00:41]} 22. Bxb6 {[%emt 0:00:00]} Rxd1 {[%emt 0:00:02]}
23. Rxd1 {[%emt 0:00:05]} b4 {[%emt 0:00:02]} 24. axb4 {[%emt 0:00:09]} Bxb4
{[%emt 0:00:02]} 25. f3 {[%emt 0:00:13]} Nd7 {[%emt 0:00:32]} 26. Be3 { [%emt
0:00:17]} Bxc3 {[%emt 0:00:19]} 27. bxc3 {[%emt 0:00:03]} Ba4 {[%emt 0:00:01]}
28. Rc1 {[%emt 0:00:09]} Ne5 {[%emt 0:00:06]} 29. f4 {[%emt 0:00:09]} Nd3
{[%emt 0:00:04]} 30. Bd4 {[%emt 0:00:00]} Nxc1 {[%emt 0:00:19] Heinsberg001
gibt auf} 0-1